<?xml version="1.0" encoding="UTF-8"?>
<record
    xmlns:xsi="http://www.w3.org/2001/XMLSchema-instance"
    xsi:schemaLocation="http://www.loc.gov/MARC21/slim http://www.loc.gov/standards/marcxml/schema/MARC21slim.xsd"
    xmlns="http://www.loc.gov/MARC21/slim">

  <leader>01167na  a2200313   4500</leader>
  <controlfield tag="001">22713</controlfield>
  <controlfield tag="003">MIRAKIL</controlfield>
  <controlfield tag="005">20181213154819.0</controlfield>
  <controlfield tag="008">170223b        tu            000 0      </controlfield>
  <datafield tag="040" ind1=" " ind2=" ">
    <subfield code="a">Milas</subfield>
    <subfield code="b">tur</subfield>
    <subfield code="c">TR-AnCHP</subfield>
  </datafield>
  <datafield tag="041" ind1=" " ind2=" ">
    <subfield code="a">tur</subfield>
  </datafield>
  <datafield tag="082" ind1=" " ind2=" ">
    <subfield code="a">CHP 324.2</subfield>
    <subfield code="b">S34 2015</subfield>
  </datafield>
  <datafield tag="090" ind1=" " ind2=" ">
    <subfield code="a">CHP 324.2 S34 2015</subfield>
  </datafield>
  <datafield tag="091" ind1=" " ind2=" ">
    <subfield code="a">RAPORLAR-Se&#xE7;me makaleler</subfield>
  </datafield>
  <datafield tag="245" ind1=" " ind2=" ">
    <subfield code="a">[8 Haziran 2015 k&#xF6;&#x15F;e yazarlar&#x131;]</subfield>
    <subfield code="b">[gazete k&#xFC;p&#xFC;rleri]</subfield>
    <subfield code="c">[derleyen] CHP K&#xFC;t&#xFC;phanesi</subfield>
  </datafield>
  <datafield tag="246" ind1=" " ind2=" ">
    <subfield code="a">K&#xF6;&#x15F;e yazarlar&#x131; ve k&#xF6;&#x15F;e yaz&#x131;lar&#x131;</subfield>
  </datafield>
  <datafield tag="246" ind1=" " ind2=" ">
    <subfield code="a">8 Haziran 2015 k&#xF6;&#x15F;e yazarlar&#x131; ve k&#xF6;&#x15F;e yaz&#x131;lar&#x131;</subfield>
  </datafield>
  <datafield tag="300" ind1=" " ind2=" ">
    <subfield code="a">klas&#xF6;r</subfield>
  </datafield>
  <datafield tag="500" ind1=" " ind2=" ">
    <subfield code="a">Se&#xE7;im, CHP ve K&#x131;l&#x131;&#xE7;daro&#x11F;lu hakk&#x131;nda yazan k&#xF6;&#x15F;e yazarlar&#x131;n&#x131;n yaz&#x131;lar&#x131; </subfield>
  </datafield>
  <datafield tag="600" ind1=" " ind2=" ">
    <subfield code="a">K&#x131;l&#x131;&#xE7;daro&#x11F;lu, Kemal</subfield>
    <subfield code="x">K&#xF6;&#x15F;e yaz&#x131;lar&#x131;</subfield>
  </datafield>
  <datafield tag="610" ind1=" " ind2=" ">
    <subfield code="a">CHP</subfield>
    <subfield code="x">K&#xF6;&#x15F;e yaz&#x131;lar&#x131;</subfield>
  </datafield>
  <datafield tag="650" ind1=" " ind2=" ">
    <subfield code="a">K&#xF6;&#x15F;e yazarlar&#x131;</subfield>
    <subfield code="x">Ele&#x15F;tiriler ve yorumlar</subfield>
    <subfield code="z">T&#xFC;rkiye</subfield>
  </datafield>
  <datafield tag="650" ind1=" " ind2=" ">
    <subfield code="a">Siyaset ve y&#xF6;netim</subfield>
    <subfield code="x">K&#xF6;&#x15F;e yaz&#x131;lar&#x131;</subfield>
    <subfield code="z">T&#xFC;rkiye</subfield>
  </datafield>
  <datafield tag="650" ind1=" " ind2=" ">
    <subfield code="a">Siyasal partiler</subfield>
    <subfield code="x">K&#xF6;&#x15F;e yaz&#x131;lar&#x131;</subfield>
  </datafield>
  <datafield tag="650" ind1=" " ind2=" ">
    <subfield code="a">Se&#xE7;imler, 2015</subfield>
    <subfield code="x">K&#xF6;&#x15F;e yaz&#x131;lar&#x131;</subfield>
  </datafield>
  <datafield tag="740" ind1=" " ind2=" ">
    <subfield code="a">8 Haziran 2015 k&#xF6;&#x15F;e yazarlar&#x131; ve k&#xF6;&#x15F;e yaz&#x131;lar&#x131;]</subfield>
  </datafield>
  <datafield tag="942" ind1=" " ind2=" ">
    <subfield code="2">ddc</subfield>
    <subfield code="c">BKS</subfield>
  </datafield>
  <datafield tag="952" ind1=" " ind2=" ">
    <subfield code="a">0001</subfield>
    <subfield code="b">0001</subfield>
    <subfield code="d">2017-02-23</subfield>
    <subfield code="e">2</subfield>
    <subfield code="h">c.3</subfield>
    <subfield code="l">0</subfield>
    <subfield code="o">CHP 324.2 S34 2015</subfield>
    <subfield code="p">016345</subfield>
    <subfield code="r">2017-02-23 00:00:00</subfield>
    <subfield code="v">0.00</subfield>
    <subfield code="w">2017-02-23</subfield>
    <subfield code="x"> Klas&#xF6;r</subfield>
    <subfield code="y">BKS</subfield>
  </datafield>
  <datafield tag="999" ind1=" " ind2=" ">
    <subfield code="c">1333</subfield>
    <subfield code="d">1333</subfield>
  </datafield>
</record>
